| 000 | 00551nam a2200181 i 4500 | ||
|---|---|---|---|
| 001 | 91043 | ||
| 003 | ES-MaACL | ||
| 005 | 20250830063056.0 | ||
| 007 | t| | ||
| 008 | 050126s1972 sp ||||1| spa d | ||
| 100 | 1 |
_aLeón-Ignacio, _d1919-1991 _971625 |
|
| 245 | 1 | 0 |
_aCorpus de sangre en Barcelona _b: (crónica de la rebelión de los segadores, 1640) / _cLeón-Ignacio. |
| 250 | _a[1ª ed.]. | ||
| 260 |
_aBarcelona : _bEd. 29, _c1972. |
||
| 300 |
_a186 p. ; _c19 cm. |
||
| 852 |
_aES-MaACL _jC-46442 _bR.81495 |
||
| 999 |
_c91043 _d91043 |
||